00937nam a2200265 i 4500001000300000245011000003250001200113260009000125300002800215490001900243504002600262650005900288650004500347700002900392830003400421020001800455040000800473041000800481044000800489080001200497080001000509080001300519008004100532856009800573bg00aPrzedsiębiorczość akademicka :bstan, bariery i przesłanki rozwoju /cred. nauk. Bogusław Plawgo. aWyd. 2. aŁomża :bPaństwowa Wyższa Szkoła Informatyki i Przedsiębiorczości,c2011. a144 s. :bil. ;c30 cm.1 aRaporty,v2011 aBibliogr. s. 139-140. 9aPrzedsiębiorczośćxekonomikazPolskayod 1990 r. 9aSzkolnictwo wyższezPolskayod 1990 r.1 aPlawgo, Bogusław.eRed. 0aRaporty - Fundacja BFKKv2011 a9788360571170 cBPK0 apol aPOL a005.342 a(438) a(047.36)130116s pl a f |000 0 pol  uhttp://koha.tu.koszalin.pl/cgi-bin/koha/opac-detail.pl?biblionumber=53875yKatalog online BPK